Производство и внешняя торговля (механизм взаимисвязи в условиях экономической интеграции стран - членов СЭВ)

Bibliografiske detaljer
Hovedforfatter: Сиденко В. Р.
Institution som forfatter: Академия наук Украинской ССР (АН УССР) Институт социальных и экономических проблем зарубежных стран
Summary:Исключено из фонда НТБ ТПУ
Sprog:russisk
Udgivet: Киев, Наукова думка, 1988
Format: MixedMaterials Bog
KOHA link:https://koha.lib.tpu.ru/cgi-bin/koha/opac-detail.pl?biblionumber=263424

MARC

LEADER 00000nam0a2200000 4500
001 263424
005 20231031222403.0
010 |a 5120000770 
035 |a (RuTPU)RU\TPU\book\286409 
090 |a 263424 
100 |a 20140609d1988 k y0rusy50 ca 
101 0 |a rus 
102 |a UA 
105 |a y z 001zy 
200 1 |a Производство и внешняя торговля (механизм взаимисвязи в условиях экономической интеграции стран - членов СЭВ)  |f В. Р. Сдоренко  |g Академия наук Украинской ССР (АН УССР), Институт социальных и экономических проблем зарубежных стран 
210 |a Киев  |c Наукова думка  |d 1988 
215 |a 149 с. 
333 |a Исключено из фонда НТБ ТПУ 
700 1 |a Сиденко  |b В. Р. 
712 0 2 |a Академия наук Украинской ССР (АН УССР)  |b Институт социальных и экономических проблем зарубежных стран 
801 1 |a RU  |b 63413507  |c 20140609 
801 2 |a RU  |b 63413507  |c 20220314  |g RCR 
942 |c BK